00337nam a2200121Ia 4500008004100000020002200041100001400063245003700077260004400114300002200158650001800180650001700198200924s9999 xx 000 0 und d a978-192-0744-73-1 aGill, Bob cBob GillaBob Gill illustration/ aAustralia:bThe Images Publishingc2004 a125 pagesc25 cm. aCommecial art aGraphic arts